[Event "MCR druzstev mladsich zaku 2015"]
[Site "Hradec Kralove"]
[Date "2015.06.13"]
[Round "4.17"]
[White "Malkova (Policka), Barbora"]
[Black "Kotal (Horni Stropnice), Vit"]
[Result "1-0"]
[BlackElo "1450"]
[WhiteElo "1350"]
[LiveChessVersion "1.4.4"]

1. d4 {[%clk 0:25:18]} Nf6 {[%clk 0:25:18]} 2. e3 {[%clk 0:25:25]} g6
{[%clk 0:25:25]} 3. Bd3 {[%clk 0:25:32]} Bg7 {[%clk 0:25:32]} 4. c4
{[%clk 0:25:36]} d6 {[%clk 0:25:39]} 5. e4 {[%clk 0:25:42]} Nbd7 {[%clk 0:25:43]}
6. Nc3 {[%clk 0:25:46]} O-O {[%clk 0:25:27]} 7. f4 {[%clk 0:25:47]} c6
{[%clk 0:24:20]} 8. Nf3 {[%clk 0:25:51]} Ne8 {[%clk 0:24:25]} 9. e5
{[%clk 0:25:52]} Nc7 {[%clk 0:24:10]} 10. Be3 {[%clk 0:25:49]} d5
{[%clk 0:23:04]} 11. c5 {[%clk 0:25:51]} e6 {[%clk 0:22:54]} 12. O-O
{[%clk 0:25:52]} b5 {[%clk 0:22:03]} 13. a3 {[%clk 0:25:57]} Bb7 {[%clk 0:21:58]}
14. b4 {[%clk 0:25:43]} a6 {[%clk 0:21:53]} 15. Ng5 {[%clk 0:25:34]} f6
{[%clk 0:20:54]} 16. Nf3 {[%clk 0:25:27]} fxe5 {[%clk 0:20:31]} 17. dxe5
{[%clk 0:25:28]} Qe7 {[%clk 0:20:31]} 18. Ng5 {[%clk 0:25:20]} Bh6
{[%clk 0:19:40]} 19. Nh3 {[%clk 0:25:14]} Rf7 {[%clk 0:19:17]} 20. Qg4
{[%clk 0:25:08]} Nf8 {[%clk 0:16:53]} 21. Ng5 {[%clk 0:24:07]} Bxg5
{[%clk 0:16:50]} 22. fxg5 {[%clk 0:24:09]} Nd7 {[%clk 0:16:03]} 23. Qh4
{[%clk 0:23:18]} Nxe5 {[%clk 0:15:11]} 24. Bc2 {[%clk 0:22:17]} Ne8
{[%clk 0:14:26]} 25. Bd4 {[%clk 0:21:55]} Rxf1+ {[%clk 0:13:44]} 26. Rxf1
{[%clk 0:22:01]} Nf7 {[%clk 0:13:10]} 27. Be3 {[%clk 0:21:22]} Kg7
{[%clk 0:10:47]} 28. Bd4+ {[%clk 0:21:02]} e5 {[%clk 0:10:36]} 29. Bf2
{[%clk 0:18:04]} Qxg5 {[%clk 0:09:54]} 30. Qh3 {[%clk 0:17:55]} Bc8
{[%clk 0:08:38]} 31. Qf3 {[%clk 0:17:32]} e4 {[%clk 0:07:56]} 32. Bd4+
{[%clk 0:17:34]} Ne5 {[%clk 0:05:08]} 33. Bxe5+ {[%clk 0:17:27]} Kh6
{[%clk 0:04:57]} 34. Bf4 {[%clk 0:17:03]} 1-0

[Event "MCR druzstev mladsich zaku 2015"]
[Site "Hradec Kralove"]
[Date "2015.06.13"]
[Round "5.1"]
[White "Nemec (Kurim), David"]
[Black "Mica (BSS F-M \"A\"), Marek"]
[Result "1-0"]
[BlackElo "1663"]
[WhiteElo "1556"]
[LiveChessVersion "1.4.4"]

1. e4 {[%clk 0:25:19]} c5 {[%clk 0:25:17]} 2. c3 {[%clk 0:25:28]} d5
{[%clk 0:25:19]} 3. exd5 {[%clk 0:25:36]} Qxd5 {[%clk 0:25:26]} 4. d4
{[%clk 0:25:45]} Nc6 {[%clk 0:25:34]} 5. Nf3 {[%clk 0:25:53]} Bg4
{[%clk 0:25:39]} 6. Be2 {[%clk 0:26:02]} e6 {[%clk 0:25:43]} 7. O-O
{[%clk 0:26:10]} Nf6 {[%clk 0:25:45]} 8. Be3 {[%clk 0:26:19]} cxd4
{[%clk 0:25:47]} 9. cxd4 {[%clk 0:26:28]} Be7 {[%clk 0:25:47]} 10. Nc3
{[%clk 0:26:37]} Qd8 {[%clk 0:25:47]} 11. h3 {[%clk 0:26:20]} Bh5
{[%clk 0:25:50]} 12. Qb3 {[%clk 0:26:05]} Qd7 {[%clk 0:25:27]} 13. Rfd1
{[%clk 0:25:26]} Bxf3 {[%clk 0:24:58]} 14. Bxf3 {[%clk 0:25:22]} O-O
{[%clk 0:25:04]} 15. d5 {[%clk 0:25:23]} exd5 {[%clk 0:24:59]} 16. Nxd5
{[%clk 0:25:24]} Nxd5 {[%clk 0:24:42]} 17. Bxd5 {[%clk 0:25:10]} Qc7
{[%clk 0:24:43]} 18. Rac1 {[%clk 0:25:00]} Bf6 {[%clk 0:24:23]} 19. Qb5
{[%clk 0:24:49]} a6 {[%clk 0:22:56]} 20. Qb3 {[%clk 0:24:48]} Rab8
{[%clk 0:22:31]} 21. Bc5 {[%clk 0:22:29]} Na5 {[%clk 0:19:08]} 22. Qb4
{[%clk 0:21:08]} Rfc8 {[%clk 0:12:46]} 23. Be3 {[%clk 0:18:40]} Qd7
{[%clk 0:11:56]} 24. Qxa5 {[%clk 0:17:45]} Rxc1 {[%clk 0:11:42]} 25. Rxc1
{[%clk 0:16:56]} Bd8 {[%clk 0:11:13]} 26. Qc5 {[%clk 0:16:43]} b6
{[%clk 0:11:15]} 27. Qc6 {[%clk 0:16:40]} Qe7 {[%clk 0:10:09]} 28. Bf4
{[%clk 0:16:34]} Bc7 {[%clk 0:09:23]} 29. Qxc7 {[%clk 0:16:37]} Qxc7
{[%clk 0:09:24]} 30. Rxc7 {[%clk 0:16:44]} Rd8 {[%clk 0:09:24]} 31. Bxf7+
{[%clk 0:16:45]} Kh8 {[%clk 0:09:22]} 32. Re7 {[%clk 0:16:54]} Rd1+
{[%clk 0:09:17]} 33. Kh2 {[%clk 0:17:03]} h6 {[%clk 0:09:06]} 34. Bg6
{[%clk 0:17:12]} Rd8 {[%clk 0:09:12]} 35. Re8+ {[%clk 0:17:20]} Rxe8
{[%clk 0:09:21]} 36. Bxe8 {[%clk 0:17:30]} Kg8 {[%clk 0:09:28]} 37. Bc7
{[%clk 0:17:35]} b5 {[%clk 0:09:35]} 38. Bc6 {[%clk 0:17:44]} Kf7
{[%clk 0:09:42]} 39. Bb7 {[%clk 0:17:53]} Ke7 {[%clk 0:09:44]} 40. Bxa6
{[%clk 0:18:03]} Kd7 {[%clk 0:09:52]} 41. Be5 {[%clk 0:18:12]} Kc6
{[%clk 0:10:01]} 42. Bxg7 {[%clk 0:18:21]} h5 {[%clk 0:10:10]} 43. Bc8
{[%clk 0:18:29]} b4 {[%clk 0:10:14]} 44. f4 {[%clk 0:18:38]} Kd5 {[%clk 0:10:22]}
45. f5 {[%clk 0:18:46]} Kd6 {[%clk 0:10:31]} 46. f6 {[%clk 0:18:55]} Kc7
{[%clk 0:10:36]} 47. f7 {[%clk 0:19:04]} Kxc8 {[%clk 0:10:44]} 48. f8=Q+
{[%clk 0:19:11]} Kc7 {[%clk 0:10:54]} 49. Qf6 {[%clk 0:19:19]} Kd7
{[%clk 0:10:58]} 50. Kg3 {[%clk 0:19:27]} h4+ {[%clk 0:11:07]} 51. Kf4
{[%clk 0:19:36]} b3 {[%clk 0:11:16]} 52. Ke5 {[%clk 0:19:45]} bxa2
{[%clk 0:11:22]} 53. Qd6+ {[%clk 0:19:53]} Kc8 {[%clk 0:11:20]} 54. Qa3
{[%clk 0:20:02]} a1=Q {[%clk 0:11:26]} 55. Qxa1 {[%clk 0:20:11]} Kd8
{[%clk 0:11:32]} 56. Qa7 {[%clk 0:20:18]} Ke8 {[%clk 0:11:39]} 57. Kd6
{[%clk 0:20:27]} Kd8 {[%clk 0:11:47]} 58. Qd7# 1-0

[Event "MCR druzstev mladsich zaku 2015"]
[Site "Hradec Kralove"]
[Date "2015.06.13"]
[Round "5.2"]
[White "Stalmach (BSS F-M \"A\"), Richard"]
[Black "Tajovsky (Kurim), Matej"]
[Result "1-0"]
[BlackElo "1643"]
[WhiteElo "1659"]
[LiveChessVersion "1.4.4"]

1. d4 {[%clk 0:25:17]} d5 {[%clk 0:25:10]} 2. Nf3 {[%clk 0:25:22]} Nf6
{[%clk 0:25:07]} 3. c4 {[%clk 0:25:25]} e6 {[%clk 0:25:11]} 4. Nc3
{[%clk 0:25:27]} Be7 {[%clk 0:25:13]} 5. Bf4 {[%clk 0:25:28]} Nbd7
{[%clk 0:24:59]} 6. e3 {[%clk 0:24:36]} a6 {[%clk 0:23:55]} 7. Bd3
{[%clk 0:24:07]} O-O {[%clk 0:23:07]} 8. O-O {[%clk 0:24:11]} dxc4
{[%clk 0:22:32]} 9. Bxc4 {[%clk 0:24:14]} b5 {[%clk 0:22:08]} 10. Bd3
{[%clk 0:24:15]} Bb7 {[%clk 0:22:06]} 11. Ne5 {[%clk 0:24:07]} Rc8
{[%clk 0:21:09]} 12. Bg5 {[%clk 0:23:24]} Re8 {[%clk 0:20:40]} 13. f4
{[%clk 0:23:12]} Nd5 {[%clk 0:19:54]} 14. Qh5 {[%clk 0:20:27]} g6
{[%clk 0:17:22]} 15. Qh6 {[%clk 0:17:01]} Nxe5 {[%clk 0:14:44]} 16. Bxe7
{[%clk 0:14:09]} Qxe7 {[%clk 0:14:43]} 17. fxe5 {[%clk 0:14:15]} Nxc3
{[%clk 0:12:55]} 18. bxc3 {[%clk 0:14:19]} Rcd8 {[%clk 0:12:42]} 19. Rf4
{[%clk 0:13:51]} Rf8 {[%clk 0:12:21]} 20. Rf6 {[%clk 0:13:16]} c5
{[%clk 0:10:24]} 21. Raf1 {[%clk 0:12:58]} b4 {[%clk 0:09:36]} 22. R1f4
{[%clk 0:12:40]} Rxd4 {[%clk 0:04:37]} 23. exd4 {[%clk 0:12:26]} Rc8
{[%clk 0:04:11]} 24. Rh4 {[%clk 0:10:55]} Qe8 {[%clk 0:03:53]} 25. Bxg6
{[%clk 0:10:37]} fxg6 {[%clk 0:03:35]} 26. Qxh7# {[%clk 0:10:37]} 1-0

[Event "MCR druzstev mladsich zaku 2015"]
[Site "Hradec Kralove"]
[Date "2015.06.13"]
[Round "5.3"]
[White "Richterova (Kurim), Julie"]
[Black "Gnojek (BSS F-M \"A\"), Petr"]
[Result "0-1"]
[BlackElo "1605"]
[WhiteElo "1422"]
[LiveChessVersion "1.4.4"]

1. d4 {[%clk 0:25:18]} f5 {[%clk 0:25:18]} 2. c4 {[%clk 0:25:24]} Nf6
{[%clk 0:25:26]} 3. Nc3 {[%clk 0:25:30]} g6 {[%clk 0:25:35]} 4. Nf3
{[%clk 0:25:37]} Bg7 {[%clk 0:25:44]} 5. e3 {[%clk 0:25:26]} O-O {[%clk 0:25:46]}
6. Be2 {[%clk 0:24:51]} d6 {[%clk 0:25:48]} 7. O-O {[%clk 0:24:49]} Qe8
{[%clk 0:25:45]} 8. b3 {[%clk 0:24:35]} e5 {[%clk 0:25:46]} 9. d5
{[%clk 0:23:38]} e4 {[%clk 0:25:36]} 10. Nd4 {[%clk 0:23:09]} Na6
{[%clk 0:25:08]} 11. Bb2 {[%clk 0:21:52]} Nc5 {[%clk 0:23:44]} 12. b4
{[%clk 0:20:54]} Na6 {[%clk 0:23:45]} 13. a3 {[%clk 0:20:12]} c6 {[%clk 0:22:59]}
14. dxc6 {[%clk 0:19:06]} bxc6 {[%clk 0:22:30]} 15. Nb3 {[%clk 0:18:18]} Qe7 16.
Rc1 {[%clk 0:16:55]} Bb7 {[%clk 0:19:32]} 17. Na5 {[%clk 0:15:42]} Rad8
{[%clk 0:19:02]} 18. Qb3 {[%clk 0:13:46]} Kh8 {[%clk 0:18:24]} 19. Rfd1
{[%clk 0:12:26]} Qc7 {[%clk 0:17:48]} 20. Nxb7 {[%clk 0:11:41]} Qxb7
{[%clk 0:17:36]} 21. Rd2 {[%clk 0:11:05]} Rd7 {[%clk 0:16:39]} 22. Rcd1
{[%clk 0:10:57]} Rfd8 {[%clk 0:16:41]} 23. Qc2 {[%clk 0:10:16]} Nc7
{[%clk 0:15:57]} 24. Bf1 {[%clk 0:09:23]} d5 {[%clk 0:15:07]} 25. Ne2
{[%clk 0:07:35]} Ne6 {[%clk 0:14:12]} 26. Nd4 {[%clk 0:06:36]} Nf8
{[%clk 0:13:03]} 27. Nb3 {[%clk 0:05:33]} dxc4 {[%clk 0:10:56]} 28. Bxc4
{[%clk 0:04:22]} Rxd2 {[%clk 0:10:50]} 29. Rxd2 {[%clk 0:04:29]} Rxd2
{[%clk 0:10:50]} 30. Qxd2 {[%clk 0:04:29]} Qd7 {[%clk 0:10:43]} 31. Qxd7
{[%clk 0:04:12]} N8xd7 {[%clk 0:10:46]} 32. Bd4 {[%clk 0:04:07]} Nb6
{[%clk 0:10:28]} 33. Ba6 {[%clk 0:03:27]} Nfd5 {[%clk 0:10:05]} 34. Bxg7+
{[%clk 0:02:34]} Kxg7 {[%clk 0:10:13]} 35. Nd4 {[%clk 0:02:23]} Ne7
{[%clk 0:10:15]} 36. Bb7 {[%clk 0:02:27]} Nc4 {[%clk 0:10:24]} 37. Nxc6
{[%clk 0:02:04]} Nxc6 {[%clk 0:10:26]} 38. Bxc6 {[%clk 0:02:12]} Nxa3
{[%clk 0:10:34]} 39. Kf1 {[%clk 0:01:59]} Kf6 {[%clk 0:10:39]} 40. Ke2
{[%clk 0:01:30]} Nc2 {[%clk 0:10:09]} 41. b5 {[%clk 0:01:27]} Nb4
{[%clk 0:10:18]} 42. Bb7 {[%clk 0:00:51]} Ke7 {[%clk 0:10:10]} 43. Kd2
{[%clk 0:00:55]} Kd6 {[%clk 0:10:18]} 44. Kc3 {[%clk 0:01:00]} Kc5
{[%clk 0:10:25]} 45. Ba6 {[%clk 0:00:33]} Nxa6 46. bxa6 {[%clk 0:00:41]} Kb6
{[%clk 0:10:42]} 47. Kb4 {[%clk 0:00:48]} Kxa6 {[%clk 0:10:47]} 48. Ka4
{[%clk 0:00:56]} Kb6 {[%clk 0:10:56]} 49. Kb4 {[%clk 0:00:59]} a5+
{[%clk 0:11:05]} 50. Kb3 {[%clk 0:01:06]} Kb5 {[%clk 0:11:14]} 51. Ka3
{[%clk 0:01:11]} a4 {[%clk 0:11:22]} 52. f3 {[%clk 0:00:48]} Ka5 {[%clk 0:11:25]}
53. fxe4 {[%clk 0:00:35]} fxe4 {[%clk 0:11:33]} 54. Ka2 {[%clk 0:00:36]} Kb4
{[%clk 0:11:41]} 55. Kb2 {[%clk 0:00:45]} a3+ {[%clk 0:11:50]} 56. Ka2
{[%clk 0:00:54]} Kc3 {[%clk 0:11:59]} 0-1

[Event "MCR druzstev mladsich zaku 2015"]
[Site "Hradec Kralove"]
[Date "2015.06.13"]
[Round "5.4"]
[White "Krejcok (BSS F-M \"A\"), Tobias"]
[Black "Petricek (Kurim), Lukas"]
[Result "1-0"]
[BlackElo "1441"]
[WhiteElo "1605"]
[LiveChessVersion "1.4.4"]

1. e4 {[%clk 0:25:16]} c5 {[%clk 0:25:16]} 2. Nf3 {[%clk 0:25:13]} Nc6
{[%clk 0:25:22]} 3. d4 {[%clk 0:25:10]} cxd4 {[%clk 0:25:24]} 4. Nxd4
{[%clk 0:25:09]} g6 {[%clk 0:25:28]} 5. Nc3 {[%clk 0:25:01]} Bg7 {[%clk 0:25:33]}
6. Be3 {[%clk 0:25:00]} Qa5 {[%clk 0:25:31]} 7. Bc4 {[%clk 0:24:16]} Qb4
{[%clk 0:25:25]} 8. Ndb5 {[%clk 0:14:37]} Be5 {[%clk 0:21:22]} 9. Bb3
{[%clk 0:13:25]} a6 {[%clk 0:21:24]} 10. a3 {[%clk 0:13:01]} Bxc3+
{[%clk 0:20:57]} 11. Nxc3 {[%clk 0:12:42]} Qd6 {[%clk 0:20:09]} 12. Qxd6
{[%clk 0:12:15]} exd6 {[%clk 0:20:12]} 13. Nd5 {[%clk 0:12:00]} Kd8
{[%clk 0:20:03]} 14. Bb6+ {[%clk 0:11:57]} Ke8 {[%clk 0:19:47]} 15. Nc7+
{[%clk 0:11:57]} Ke7 {[%clk 0:19:48]} 16. Nxa8 {[%clk 0:11:46]} Nf6
{[%clk 0:19:39]} 17. O-O {[%clk 0:11:38]} Ne5 {[%clk 0:19:18]} 18. Bd5
{[%clk 0:11:20]} h5 {[%clk 0:18:52]} 19. Bd4 {[%clk 0:11:10]} b5 {[%clk 0:18:23]}
20. Bxe5 {[%clk 0:10:50]} dxe5 {[%clk 0:18:29]} 21. Nb6 {[%clk 0:10:58]} Nxd5
{[%clk 0:18:19]} 22. Nxd5+ {[%clk 0:11:00]} Kf8 {[%clk 0:18:22]} 23. f4
{[%clk 0:11:00]} exf4 {[%clk 0:18:22]} 24. Rxf4 Bb7 {[%clk 0:18:28]} 25. Raf1
{[%clk 0:10:57]} f5 {[%clk 0:18:28]} 26. Ne3 {[%clk 0:10:56]} Bxe4
{[%clk 0:18:35]} 27. Rxe4 {[%clk 0:11:03]} Kg7 {[%clk 0:18:41]} 28. Re7+
{[%clk 0:11:07]} Kh6 {[%clk 0:18:48]} 29. Rd1 {[%clk 0:11:12]} 1-0

[Event "MCR druzstev mladsich zaku 2015"]
[Site "Hradec Kralove"]
[Date "2015.06.13"]
[Round "5.5"]
[White "Kriz (Kurim), Tomas"]
[Black "Nytra (BSS F-M \"A\"), Ondrej"]
[Result "1/2-1/2"]
[BlackElo "1707"]
[WhiteElo "1477"]
[LiveChessVersion "1.4.4"]

1. e4 {[%clk 0:25:12]} e5 {[%clk 0:25:18]} 2. Nf3 {[%clk 0:25:10]} Nc6
{[%clk 0:25:23]} 3. d4 {[%clk 0:25:07]} exd4 {[%clk 0:25:26]} 4. Nxd4
{[%clk 0:25:00]} Nf6 {[%clk 0:25:23]} 5. Nc3 {[%clk 0:25:00]} Bb4
{[%clk 0:25:25]} 6. Nxc6 {[%clk 0:24:59]} bxc6 {[%clk 0:25:28]} 7. Bd3
{[%clk 0:24:52]} d5 {[%clk 0:25:16]} 8. exd5 {[%clk 0:23:51]} cxd5
{[%clk 0:25:22]} 9. Bd2 {[%clk 0:23:42]} c6 {[%clk 0:25:16]} 10. O-O
{[%clk 0:23:24]} O-O {[%clk 0:23:27]} 11. Re1 {[%clk 0:22:38]} Bc5
{[%clk 0:22:32]} 12. Be3 {[%clk 0:20:07]} d4 {[%clk 0:22:35]} 13. Na4
{[%clk 0:16:01]} dxe3 {[%clk 0:22:37]} 14. fxe3 {[%clk 0:14:39]} Bd6
{[%clk 0:21:55]} 15. Nc3 {[%clk 0:13:51]} Ng4 {[%clk 0:21:08]} 16. h3
{[%clk 0:13:27]} Bh2+ {[%clk 0:20:47]} 17. Kf1 {[%clk 0:12:55]} Bg3
{[%clk 0:20:04]} 18. hxg4 {[%clk 0:12:41]} Bxe1 {[%clk 0:20:09]} 19. Qxe1
{[%clk 0:12:47]} Bxg4 {[%clk 0:20:03]} 20. Qd2 {[%clk 0:12:25]} Qh4
{[%clk 0:19:45]} 21. Qf2 {[%clk 0:12:22]} Qxf2+ {[%clk 0:19:12]} 22. Kxf2
{[%clk 0:12:29]} Rab8 {[%clk 0:19:18]} 23. b3 {[%clk 0:12:10]} Rfe8
{[%clk 0:19:12]} 24. Rh1 {[%clk 0:12:12]} g6 {[%clk 0:19:15]} 25. Rh4
{[%clk 0:12:13]} f5 {[%clk 0:19:00]} 26. e4 {[%clk 0:11:57]} fxe4
{[%clk 0:18:53]} 27. Nxe4 {[%clk 0:12:04]} Rf8+ {[%clk 0:18:56]} 28. Kg3
{[%clk 0:11:41]} Bf5 {[%clk 0:17:56]} 29. Rf4 {[%clk 0:10:48]} Bxe4
{[%clk 0:17:54]} 30. Rxe4 {[%clk 0:10:57]} Rbe8 {[%clk 0:17:47]} 31. Rc4
{[%clk 0:10:52]} Rf6 {[%clk 0:17:52]} 32. Ra4 {[%clk 0:10:45]} Re7
{[%clk 0:17:59]} 33. Ra6 {[%clk 0:10:52]} Kg7 {[%clk 0:17:58]} 34. a4
{[%clk 0:10:49]} h5 {[%clk 0:17:43]} 35. b4 {[%clk 0:09:59]} 1/2-1/2

[Event "MCR druzstev mladsich zaku 2015"]
[Site "Hradec Kralove"]
[Date "2015.06.13"]
[Round "5.6"]
[White "Laurincova (BSS F-M \"A\"), Kristyna"]
[Black "Keprt (Kurim), Tomas"]
[Result "1-0"]
[BlackElo "1262"]
[WhiteElo "1657"]
[LiveChessVersion "1.4.4"]

1. e4 {[%clk 0:25:19]} c5 {[%clk 0:25:14]} 2. Nf3 {[%clk 0:25:28]} d6
{[%clk 0:25:10]} 3. d4 {[%clk 0:25:37]} cxd4 {[%clk 0:25:01]} 4. Nxd4
{[%clk 0:25:46]} Nf6 {[%clk 0:24:47]} 5. Nc3 {[%clk 0:25:54]} Nc6
{[%clk 0:24:28]} 6. Bc4 {[%clk 0:25:21]} e6 {[%clk 0:23:59]} 7. Be3
{[%clk 0:24:48]} Be7 {[%clk 0:23:23]} 8. f3 {[%clk 0:24:01]} O-O {[%clk 0:22:28]}
9. O-O {[%clk 0:22:42]} a6 {[%clk 0:21:50]} 10. Kh1 {[%clk 0:22:06]} b5
{[%clk 0:21:27]} 11. Nxc6 {[%clk 0:21:56]} Qd7 {[%clk 0:20:09]} 12. Nxe7+
{[%clk 0:22:01]} Qxe7 {[%clk 0:19:46]} 13. Bb3 {[%clk 0:21:57]} Bb7
{[%clk 0:18:52]} 14. Bg5 {[%clk 0:21:47]} Rfd8 {[%clk 0:18:05]} 15. Re1
{[%clk 0:20:39]} h6 {[%clk 0:16:34]} 16. Bh4 {[%clk 0:20:18]} Rac8
{[%clk 0:16:02]} 17. Ne2 {[%clk 0:19:44]} Rd7 {[%clk 0:14:31]} 18. Nd4
{[%clk 0:18:32]} Rcd8 {[%clk 0:14:07]} 19. Qe2 {[%clk 0:17:54]} Kh8
{[%clk 0:13:13]} 20. Rad1 {[%clk 0:17:34]} Kg8 {[%clk 0:11:03]} 21. c3
{[%clk 0:17:23]} g5 {[%clk 0:10:50]} 22. Bg3 {[%clk 0:17:30]} Nh5
{[%clk 0:10:04]} 23. Qf2 {[%clk 0:16:50]} Nxg3+ {[%clk 0:09:44]} 24. Qxg3
{[%clk 0:16:51]} Kh7 {[%clk 0:09:11]} 25. Bc2 {[%clk 0:16:54]} Kg7
{[%clk 0:08:29]} 26. e5 {[%clk 0:15:52]} d5 {[%clk 0:08:06]} 27. f4
{[%clk 0:14:54]} Kf8 {[%clk 0:07:25]} 28. Qh3 {[%clk 0:14:29]} gxf4
{[%clk 0:06:51]} 29. Qxh6+ {[%clk 0:14:36]} Ke8 {[%clk 0:06:59]} 30. Qxf4
{[%clk 0:14:29]} Qf8 {[%clk 0:06:26]} 31. Rf1 {[%clk 0:14:24]} Qg8
{[%clk 0:05:30]} 32. Nxe6 {[%clk 0:13:47]} fxe6 {[%clk 0:05:34]} 33. Bg6+
{[%clk 0:13:52]} Ke7 {[%clk 0:05:38]} 34. Qf6# 1-0

[Event "MCR druzstev mladsich zaku 2015"]
[Site "Hradec Kralove"]
[Date "2015.06.13"]
[Round "5.7"]
[White "Jirousek (Polabiny \"A\"), Jan"]
[Black "Svanda (Policka), Ondrej"]
[Result "0-1"]
[BlackElo "1863"]
[WhiteElo "1618"]
[LiveChessVersion "1.4.4"]

1. d4 {[%clk 0:25:17]} Nf6 {[%clk 0:25:19]} 2. c4 {[%clk 0:25:25]} g6
{[%clk 0:25:27]} 3. Nc3 {[%clk 0:25:33]} Bg7 {[%clk 0:25:36]} 4. e4
{[%clk 0:25:41]} d6 {[%clk 0:25:45]} 5. Nf3 {[%clk 0:25:42]} O-O {[%clk 0:25:53]}
6. Be2 {[%clk 0:25:47]} e5 {[%clk 0:25:55]} 7. O-O {[%clk 0:25:04]} Nc6
{[%clk 0:25:56]} 8. d5 {[%clk 0:25:03]} Ne7 {[%clk 0:26:04]} 9. h3
{[%clk 0:24:53]} Nh5 {[%clk 0:25:47]} 10. Be3 {[%clk 0:24:46]} f5
{[%clk 0:25:55]} 11. Qc2 {[%clk 0:23:14]} f4 {[%clk 0:26:00]} 12. Bd2
{[%clk 0:22:39]} Nf6 {[%clk 0:25:56]} 13. Ne1 {[%clk 0:22:28]} g5
{[%clk 0:26:01]} 14. f3 {[%clk 0:22:15]} Ng6 {[%clk 0:26:06]} 15. Nd3
{[%clk 0:22:08]} h5 {[%clk 0:25:58]} 16. c5 {[%clk 0:21:51]} Nh4 {[%clk 0:26:00]}
17. cxd6 {[%clk 0:21:16]} cxd6 {[%clk 0:26:07]} 18. Rac1 {[%clk 0:21:03]} Qd7
{[%clk 0:24:59]} 19. Rf2 {[%clk 0:20:34]} g4 {[%clk 0:24:40]} 20. Bf1
{[%clk 0:20:13]} gxf3 {[%clk 0:24:02]} 21. gxf3 {[%clk 0:20:08]} Qf7
{[%clk 0:23:59]} 22. Kh1 {[%clk 0:19:38]} Qg6 {[%clk 0:23:20]} 23. Bg2
{[%clk 0:18:59]} Nh7 {[%clk 0:22:06]} 24. Rg1 {[%clk 0:17:02]} Rf7
{[%clk 0:20:26]} 25. Bf1 {[%clk 0:16:30]} Qf6 {[%clk 0:20:10]} 26. Qa4
{[%clk 0:16:20]} Bd7 {[%clk 0:19:39]} 27. Qb4 {[%clk 0:16:10]} Ng5
{[%clk 0:19:14]} 28. Ne1 {[%clk 0:14:09]} Bxh3 {[%clk 0:18:32]} 29. Nb5
{[%clk 0:13:23]} Bxf1 {[%clk 0:18:05]} 30. Rgxf1 {[%clk 0:12:51]} Rd8
{[%clk 0:17:19]} 31. Ng2 {[%clk 0:11:17]} Ng6 {[%clk 0:16:53]} 32. Be1
{[%clk 0:10:14]} h4 {[%clk 0:16:53]} 33. Bd2 {[%clk 0:08:58]} h3 {[%clk 0:16:39]}
34. Ne1 {[%clk 0:08:49]} Nh4 {[%clk 0:16:12]} 35. Rg1 {[%clk 0:07:54]} Qh6
{[%clk 0:15:30]} 36. Qc3 {[%clk 0:07:17]} Ng2 {[%clk 0:14:36]} 37. Na3
{[%clk 0:05:36]} Qh4 {[%clk 0:14:14]} 38. Nd3 {[%clk 0:04:44]} Qg3
{[%clk 0:12:23]} 39. Be1 {[%clk 0:03:44]} Nxf3 {[%clk 0:11:43]} 40. Rfxg2
{[%clk 0:03:34]} hxg2+ 0-1

[Event "MCR druzstev mladsich zaku 2015"]
[Site "Hradec Kralove"]
[Date "2015.06.13"]
[Round "5.8"]
[White "Pavlicek (Policka), Lukas"]
[Black "Jun (Polabiny \"A\"), Rudolf"]
[Result "1/2-1/2"]
[BlackElo "1688"]
[WhiteElo "1563"]
[LiveChessVersion "1.4.4"]

1. d4 {[%clk 0:25:17]} e6 {[%clk 0:25:13]} 2. e4 {[%clk 0:25:05]} a6
{[%clk 0:25:21]} 3. Nf3 {[%clk 0:24:59]} c5 {[%clk 0:25:29]} 4. Nc3
{[%clk 0:24:26]} cxd4 {[%clk 0:25:36]} 5. Nxd4 {[%clk 0:24:34]} d6
{[%clk 0:25:42]} 6. Be3 Be7 {[%clk 0:25:46]} 7. Be2 {[%clk 0:23:49]} Nf6
{[%clk 0:25:40]} 8. Qd2 {[%clk 0:23:13]} Qc7 {[%clk 0:25:32]} 9. f3
{[%clk 0:22:33]} Nbd7 {[%clk 0:25:19]} 10. O-O-O {[%clk 0:21:47]} b5
{[%clk 0:25:19]} 11. Nb3 {[%clk 0:19:45]} Bb7 {[%clk 0:25:17]} 12. g4
{[%clk 0:17:42]} Rc8 {[%clk 0:24:48]} 13. g5 {[%clk 0:16:39]} b4 {[%clk 0:24:46]}
14. gxf6 {[%clk 0:14:53]} bxc3 {[%clk 0:24:42]} 15. Qxc3 {[%clk 0:14:06]} Qxc3
{[%clk 0:24:36]} 16. bxc3 {[%clk 0:14:14]} Bxf6 {[%clk 0:24:41]} 17. Rxd6
{[%clk 0:13:49]} Rxc3 18. Bd2 {[%clk 0:12:54]} Ke7 {[%clk 0:23:44]} 19. Rxd7+
{[%clk 0:12:14]} Kxd7 {[%clk 0:23:49]} 20. Bxc3 {[%clk 0:12:22]} Bxc3
{[%clk 0:23:56]} 21. Nc5+ {[%clk 0:12:26]} Kc7 {[%clk 0:24:00]} 22. Nxb7
{[%clk 0:11:08]} Kxb7 {[%clk 0:24:06]} 23. Rd1 {[%clk 0:11:11]} Kc7
{[%clk 0:23:20]} 24. Bxa6 {[%clk 0:11:06]} Rb8 {[%clk 0:23:19]} 25. Bc4
{[%clk 0:10:37]} Be5 {[%clk 0:23:16]} 26. Bb3 {[%clk 0:08:52]} Bxh2
{[%clk 0:23:14]} 27. a4 {[%clk 0:07:21]} Bf4+ {[%clk 0:23:20]} 28. Kb2
{[%clk 0:07:14]} h5 {[%clk 0:23:27]} 29. Rh1 {[%clk 0:06:44]} g6 {[%clk 0:23:35]}
30. Ka2 {[%clk 0:06:14]} Bg5 {[%clk 0:23:26]} 31. Bc4 {[%clk 0:05:31]} Rb4
{[%clk 0:23:03]} 32. Bb5 {[%clk 0:05:27]} Rd4 {[%clk 0:23:07]} 33. Kb3
{[%clk 0:05:18]} Be7 {[%clk 0:23:04]} 34. Rf1 {[%clk 0:04:26]} h4
{[%clk 0:23:01]} 35. c4 {[%clk 0:03:45]} Rd2 {[%clk 0:23:09]} 36. Kc3
{[%clk 0:03:20]} Rg2 {[%clk 0:23:09]} 37. Rd1 {[%clk 0:02:49]} Bd6
{[%clk 0:22:54]} 38. c5 {[%clk 0:02:15]} Bxc5 {[%clk 0:22:29]} 39. Rd7+
{[%clk 0:01:57]} Kb6 {[%clk 0:22:38]} 40. Rxf7 {[%clk 0:01:29]} h3
{[%clk 0:22:25]} 41. e5 {[%clk 0:00:24]} h2 {[%clk 0:22:21]} 42. Rh7
{[%clk 0:00:32]} Rf2 {[%clk 0:22:27]} 43. f4 {[%clk 0:00:27]} Rg2
{[%clk 0:21:59]} 44. Kd3 {[%clk 0:00:18]} Rg3+ {[%clk 0:22:03]} 45. Ke2
{[%clk 0:00:16]} Rg2+ {[%clk 0:22:10]} 46. Kf3 {[%clk 0:00:21]} Rf2+
{[%clk 0:22:11]} 47. Kg3 {[%clk 0:00:22]} Be3 {[%clk 0:21:44]} 48. Rxh2
{[%clk 0:00:21]} Rxh2 {[%clk 0:21:49]} 49. Kxh2 {[%clk 0:00:30]} Bxf4+
{[%clk 0:21:59]} 50. Kh3 {[%clk 0:00:35]} Bxe5 {[%clk 0:22:08]} 51. Kg4
{[%clk 0:00:44]} Bf6 {[%clk 0:22:06]} 52. Bd7 {[%clk 0:00:41]} e5
{[%clk 0:22:06]} 53. Be8 {[%clk 0:00:47]} g5 {[%clk 0:21:52]} 54. Kf5
{[%clk 0:00:54]} Be7 {[%clk 0:21:55]} 55. Kxe5 {[%clk 0:01:01]} Ka5
{[%clk 0:21:42]} 56. Kf5 {[%clk 0:00:55]} Kb4 {[%clk 0:21:44]} 57. Kg4
{[%clk 0:01:01]} 1/2-1/2